000 00953cab a2200241 4500
001 WB2822-11
008 090401t1992 xxu||||| |||| 00| 0 eng d
035 _a(Sirsi) u26299
041 _aeng
245 _aCircular on new building regulations
260 _c1992
350 _a0
490 _aDoE News Release
_v(370) 1 June 1992 (7)
520 _aThe 1991 Building Regulations and associated approved documents came into force on 1 June. To coincide with this a DoE / Welsh Office circular (13/92) to all building control authorities and Approved Inspectors gives guidance on the main procedural changes, details of all Approved Documents and administrative matters.
650 _aAPPROVED DOCUMENTS
650 _aAPPROVED INSPECTORS
650 _aBUILDING CONTROL
_96222
650 _aBUILDING REGULATIONS 1991
650 _aDOE CIRCULAR 13/1992
690 _aBUILDING AND CONSTRUCTION-REGULATIONS
942 _n0
948 _c04/03/1997
999 _c17660
_d17660